Filosofía de la matemática : (Record no. 83470)

MARC details
000 -CABECERA
campo de control de longitud fija 00619nam a2200193 a 4500
005 - FECHA Y HORA DE LA ÚLTIMA TRANSACCIÓN
campo de control 20240925063825.0
008 - ELEMENTOS DE LONGITUD FIJA--INFORMACIÓN GENERAL
campo de control de longitud fija 010713s1989 es r 000 0 spa d
020 ## - NÚMERO INTERNACIONAL NORMALIZADO PARA LIBROS
Número Internacional Estándar del Libro 8486556902
035 ## - NÚMERO DE CONTROL DEL SISTEMA
Número de control de sistema UPN01000109559
049 ## - COLECCIÓN
Colección CG
050 #4 - SIGNATURA TOPOGRÁFICA DE LA BIBLIOTECA DEL CONGRESO
Número de clasificación QA8.4
Número de documento/Ítem C3.48
100 1# - ASIENTO PRINCIPAL--NOMBRE PERSONAL
Nombre de persona Caramuel Lobkowitz, Juan,
Fechas asociadas al nombre 1606-1682
245 10 - MENCIÓN DE TÍTULO
Título Filosofía de la matemática :
Resto del título meditatio progemialis /
Mención de responsabilidad, etc. Juan Caramuel ; tr. Julián Velarde Lombraña.
260 ## - PUBLICACIÓN, DISTRIBUCIÓN, ETC.
Lugar de publicación, distribución, etc. Barcelona, Esp. :
Nombre del editor, distribuidor, etc. Alta Fulla,
Fecha de publicación, distribución, etc. 1989.
300 ## - DESCRIPCIÓN FÍSICA
Extensión 92, [2] p. :
Otras características físicas il.
440 #0 - MENCIÓN DE SERIE/ASIENTO SECUNDARIO--TÍTULO
Título Biblioteca.
Nombre de parte o sección de la obra Filosofía ;
Designación de volumen o secuencia 3
650 #2 - ASIENTO SECUNDARIO DE MATERIA - TERMINO TEMATICO
Término de materia o nombre geográfico como elemento de entrada Matemáticas
Subdivisión general Filosofía
9 (RLIN) 14449
905 ## - TIPO DE MATERIAL
Tipo de material Libro
Holdings
Estado de retiro Estado de pérdida Fuente del sistema de clasificación o colocación Estado dañado No para préstamo Código de colección Localización permanente Ubicación/localización actual Ubicación en estantería Total de préstamos Clasificación Código de barras Fecha visto por última vez Número de copia Tipo de ítem Koha
    Library of Congress Classification     Colección General Bib. Gregorio Torres Quintero Bib. Gregorio Torres Quintero Planta baja   QA8.4 C3.48 171996 31/12/2020 1 Libro
    Library of Congress Classification     Colección General Bib. Gregorio Torres Quintero Bib. Gregorio Torres Quintero Planta baja   QA8.4 C3.48 171998 31/12/2020 1 Libro
    Library of Congress Classification     Colección General Bib. Gregorio Torres Quintero Bib. Gregorio Torres Quintero Planta baja   QA8.4 C3.48 171997 31/12/2020 1 Libro